000 00443nam a2200145Ia 4500
003 OSt
005 20260128122609.0
008 211028s2018 xx 000 0 und d
040 _cAIMIT LIBRARY
041 _aeng
100 _aAnjali, P; Dias, Beena.
_g1616017
_97774
245 _aStudy on relationship between work stress and quality of work life at Abudhabi motors Abudhabi /
260 _aMangalore
_bBeena Dias.
_c2018
942 _2ddc
_cPRO
999 _c219342
_d219342